Normal view
MARC view
Entry Personal Name
001 - CONTROL NUMBER
- control field: 11370
003 - CONTROL NUMBER IDENTIFIER
- control field: ARRUPE
005 - DATE AND TIME OF LATEST TRANSACTION
- control field: 20140918163905.0
008 - FIXED-LENGTH DATA ELEMENTS
- fixed length control field: 140918|| aca||aabn | a|a d
040 ## - CATALOGING SOURCE
- Original cataloging agency: ARRUPE
- Transcribing agency: ARRUPE
100 ## - HEADING--PERSONAL NAME
- Personal name: Howard, Michael,
- Dates associated with a name: 1922-
670 ## - SOURCE DATA FOUND
- Source citation: Work cat.: (ARRUPE)0: Howard, Michael, 1922-, The causes of wars and other essays /, 1983.